000 00478nam a2200181Ia 4500
001 4162
005 20260306145735.0
008 260306t2003||||xx |||||||||||||| ||spa||
041 _aESP
082 _a307.24
_bC
100 _aDegregori, Carlos Iván (ed.)
_eAUT
245 0 _aComunidades locales y transnacionales :
_bcinco estudios de caso en el Perú
260 _c2003
300 _a400 páginas :
_c20 cm.
650 _aGEN
654 _aCAU
942 _cLIB
_dJUS
_fJUS
_2ddc
_n
999 _c4162
_d4162